| 000 | 01823nam0a2200373 4500 | ||
|---|---|---|---|
| 001 | RU\NLR\bibl\849296 | ||
| 005 | 20250614151511.0 | ||
| 010 |
_a5-7610-0404-6 _bв обл. _91500 |
||
| 021 |
_aRU _b2005-23702 _91203 |
||
| 035 | _a(nilc)RSL-KNO-002599146 | ||
| 035 | _a(NLR Aleph) 000838052 | ||
| 090 |
_a1402814 _c1402814 |
||
| 100 | _a20050504d1999 |||y0rusy50 ca | ||
| 101 | 0 | _arus | |
| 102 | _aRU | ||
| 105 | _aa ||||||||| | ||
| 106 | _ar | ||
| 200 | 1 |
_aМне Россия зори подарила _eрассказы, очерки, зарисовки о природе (и секретах рыболовства) _fСемен Колотилов |
|
| 210 |
_aВолгоград _cНижне-Волж. кн. изд-во _d1999 _gПолигр. производственное объединение "Офсет" |
||
| 215 |
_a160 с. _cпортр. _d20 |
||
| 606 | 1 |
_aРыболовство _xв художественной литературе _91565551 _3RU\NLR\auth\66985322 |
|
| 610 | 0 | _aФилологические науки. Художественная литература -- Российская Федерация -- Русская литература -- с сер. 50-х гг. 20 в. -- Произведения художественной литературы -- Художественная проза -- Романы. Повести. Рассказы | |
| 610 | 0 | _aрыболовство любительское | |
| 686 |
_aШ5(2=Р)75-644 _2rubbk |
||
| 686 | _aШ6(2=Р)75-94 | ||
| 700 | 1 |
_aКолотилов _bС. Н. _gСемен Николаевич _4070 |
|
| 801 | 0 |
_aRU _bRuMoRKP _c20050504 _grcr |
|
| 801 | 1 |
_aRU _bRuMoRGB _c20050504 |
|
| 801 | 2 |
_aRU _bNLR _c20051006 _grcr |
|
| 830 | _aавт. по кн. | ||
| 942 | _cBOOK | ||
| 980 | _aNB | ||